[Event "LSS No Engine Cup 187 Preliminary 0"]
[Site "LSS email"]
[Date "2019.02.11"]
[Round "?"]
[White "Szokol, Imre"]
[Black "Pech, Stepan"]
[Result "1-0"]
[WhiteElo "1606"]
[BlackElo "1553"]
[PlyCount "45"]
[EventDate "2019.02.12"]
[EventType "tourn (corr)"]
[EventRounds "6"]
[EventCountry "GER"]
[SourceTitle "Corr 2022"]
[Source "ChessBase"]
[SourceDate "2021.10.24"]
[SourceVersion "1"]
[SourceVersionDate "2021.10.24"]
[SourceQuality "1"]

1. e4 c5 2. Nf3 Nc6 3. d4 cxd4 4. Nxd4 Nf6 5. Nc3 e5 6. Ndb5 d6 7. Bg5 a6 8. Na3 b5 9. Nd5 Be7 10. Bxf6 Bxf6 11. c3 0-0 12. Nc2 Bg5 13. h4 Bh6 14. g4 f6 15. Nce3 Bxe3 16. Nxe3 Be6 17. Bg2 b4 18. cxb4 Rb8 19. a3 a5 20. Nf5 axb4 21. a4 g6 22. Rc1 Na5 23. Qxd6 1-0

[Event "LSS No Engine Cup 187 Preliminary 0"]
[Site "LSS email"]
[Date "2019.02.11"]
[Round "?"]
[White "Zmolil, Karel"]
[Black "Szokol, Imre"]
[Result "0-1"]
[WhiteElo "1500"]
[BlackElo "1606"]
[PlyCount "46"]
[EventDate "2019.02.12"]
[EventType "tourn (corr)"]
[EventRounds "6"]
[EventCountry "GER"]
[SourceTitle "Corr 2022"]
[Source "ChessBase"]
[SourceDate "2021.10.24"]
[SourceVersion "1"]
[SourceVersionDate "2021.10.24"]
[SourceQuality "1"]

1. e4 d6 2. d4 Nf6 3. Nc3 g6 4. h3 Bg7 5. Bg5 Nbd7 6. Be2 0-0 7. Nf3 c5 8. d5 a6 9. Qd2 b5 10. Qe3 Bb7 11. 0-0 b4 12. Nd1 a5 13. Bh6 e6 14. dxe6 fxe6 15. Bxg7 Kxg7 16. e5 Nd5 17. Qe4 Qb6 18. Ng5 Rae8 19. exd6 Nf4 20. Qc4 Qxd6 21. Re1 Nxg2 22. Rf1 Nf4 23. Bg4 Ba6 0-1

[Event "LSS No Engine Cup 179 Preliminary 0"]
[Site "LSS email"]
[Date "2018.05.28"]
[Round "?"]
[White "Schoppe, Gottfried"]
[Black "Szokol, Imre"]
[Result "0-1"]
[WhiteElo "1291"]
[BlackElo "1617"]
[PlyCount "52"]
[EventDate "2018.05.29"]
[EventType "tourn (corr)"]
[EventRounds "6"]
[EventCountry "GER"]
[SourceTitle "Corr 2022"]
[Source "ChessBase"]
[SourceDate "2021.10.24"]
[SourceVersion "1"]
[SourceVersionDate "2021.10.24"]
[SourceQuality "1"]

1. d4 Nf6 2. c4 g6 3. Nc3 d5 4. e3 Bg7 5. Bd3 0-0 6. Nf3 dxc4 7. Bxc4 c5 8. 0-0 cxd4 9. Qxd4 Qc7 10. Nd5 Nxd5 11. Qxd5 Be6 12. Qg5 Bxc4 13. Re1 Nc6 14. Rb1 Bxa2 15. Ra1 Be6 16. Ra3 h6 17. Qc5 b6 18. Qb5 Rfd8 19. Bd2 Rd5 20. Qa4 Bxb2 21. Rb3 Bg7 22. Rbb1 Qd7 23. Bb4 Nxb4 24. Qxb4 Rc8 25. Qa3 Rd3 26. Qb4 Bc3 0-1

[Event "LSS No Engine Cup 176 Preliminary 0"]
[Site "LSS email"]
[Date "2018.01.21"]
[Round "?"]
[White "Ruzicka, Richard"]
[Black "Szokol, Imre"]
[Result "1/2-1/2"]
[WhiteElo "1660"]
[BlackElo "1588"]
[PlyCount "68"]
[EventDate "2018.01.22"]
[EventType "tourn (corr)"]
[EventRounds "6"]
[EventCountry "GER"]
[SourceTitle "Corr 2022"]
[Source "ChessBase"]
[SourceDate "2021.10.24"]
[SourceVersion "1"]
[SourceVersionDate "2021.10.24"]
[SourceQuality "1"]

1. e4 d6 2. d4 g6 3. Nf3 Bg7 4. Be2 Nf6 5. Nc3 0-0 6. Bg5 h6 7. Bxf6 exf6 8. Qd2 Nc6 9. 0-0 f5 10. Rfe1 fxe4 11. Nxe4 Bg4 12. c3 a6 13. h3 Bf5 14. Ng3 Bd7 15. Bd3 Qf6 16. Ne4 Qd8 17. d5 Ne5 18. Nxe5 dxe5 19. Rad1 b6 20. f4 exf4 21. Qxf4 Bf5 22. g4 Bxe4 23. Bxe4 Qd6 24. Qxd6 cxd6 25. Bc2 Be5 26. Kg2 f5 27. gxf5 gxf5 28. Kf3 f4 29. Rg1+ Kf7 30. Rg6 Rh8 31. Rdg1 Rag8 32. h4 Rxg6 33. Bxg6+ Ke7 34. h5 b5 1/2-1/2

[Event "LSS No Engine Cup 176 Preliminary 0"]
[Site "LSS email"]
[Date "2018.01.21"]
[Round "?"]
[White "Szokol, Imre"]
[Black "Kuttner, Jaromir"]
[Result "1-0"]
[WhiteElo "1588"]
[BlackElo "1152"]
[PlyCount "23"]
[EventDate "2018.01.22"]
[EventType "tourn (corr)"]
[EventRounds "6"]
[EventCountry "GER"]
[SourceTitle "Corr 2022"]
[Source "ChessBase"]
[SourceDate "2021.10.24"]
[SourceVersion "1"]
[SourceVersionDate "2021.10.24"]
[SourceQuality "1"]

1. e4 d5 2. exd5 Qxd5 3. Nc3 Qa5 4. d4 c6 5. Bd2 Bf5 6. Nf3 e6 7. Bc4 Nd7 8. 0-0 Bb4 9. a3 Bxc3 10. Bxc3 Qc7 11. d5 cxd5 12. Bxg7 1-0

[Event "LSS No Engine Cup 173 Preliminary 0"]
[Site "LSS email"]
[Date "2017.09.10"]
[Round "?"]
[White "Szokol, Imre"]
[Black "Neumann, Otto"]
[Result "1-0"]
[WhiteElo "1625"]
[BlackElo "1154"]
[PlyCount "91"]
[EventDate "2017.09.11"]
[EventType "tourn (corr)"]
[EventRounds "6"]
[EventCountry "GER"]
[SourceTitle "Corr 2022"]
[Source "ChessBase"]
[SourceDate "2021.10.24"]
[SourceVersion "1"]
[SourceVersionDate "2021.10.24"]
[SourceQuality "1"]

1. e4 c6 2. d3 d5 3. Nd2 dxe4 4. dxe4 Nf6 5. g3 Bg4 6. Ne2 Qa5 7. c3 Nbd7 8. Bg2 e6 9. h3 Bh5 10. Nb3 Qc7 11. Qc2 Be7 12. Nf4 Bg6 13. Nxg6 hxg6 14. Be3 Nb6 15. 0-0-0 Nfd7 16. f4 0-0-0 17. Kb1 Kb8 18. Nd4 Nc4 19. Bc1 Ka8 20. Qa4 Ndb6 21. Qc2 g5 22. b3 Nd6 23. fxg5 g6 24. h4 Nd7 25. Rhf1 Ne5 26. c4 Nc8 27. Bb2 Rhf8 28. Ne2 Ng4 29. Qc1 Bc5 30. Rxd8 Rxd8 31. Qf4 Qxf4 32. Rxf4 Ne5 33. Bxe5 Rd7 34. g4 Ba3 35. Kc2 Bb4 36. Nc3 Bc5 37. h5 gxh5 38. gxh5 Be3 39. Rg4 Ne7 40. h6 Ng6 41. Bf6 Rd2+ 42. Kb1 Nf4 43. h7 Ng6 44. Rh4 a6 45. Rh6 Rxg2 46. Rxg6 1-0

[Event "LSS No Engine Cup 169 Preliminary 0"]
[Site "LSS email"]
[Date "2017.05.07"]
[Round "?"]
[White "Herzog, Matthias"]
[Black "Szokol, Imre"]
[Result "1-0"]
[WhiteElo "2164"]
[BlackElo "1638"]
[PlyCount "61"]
[EventDate "2017.05.08"]
[EventType "tourn (corr)"]
[EventRounds "6"]
[EventCountry "GER"]
[SourceTitle "Corr 2022"]
[Source "ChessBase"]
[SourceDate "2021.10.24"]
[SourceVersion "1"]
[SourceVersionDate "2021.10.24"]
[SourceQuality "1"]

1. e4 d6 2. Nc3 g6 3. d4 Bg7 4. f4 Nf6 5. Nf3 0-0 6. a3 Nc6 7. d5 Nb8 8. Be3 e6 9. dxe6 Bxe6 10. Qd2 c5 11. 0-0-0 a6 12. Qxd6 Qxd6 13. Rxd6 Nbd7 14. Ng5 Rfe8 15. e5 Ng4 16. Bg1 Bf5 17. e6 Rxe6 18. Rxd7 Re1+ 19. Rd1 Bxc3 20. bxc3 Rxd1+ 21. Kxd1 b6 22. h3 Nf6 23. Bc4 Rd8+ 24. Kc1 Nd5 25. g4 Bc8 26. Bf2 h6 27. Rd1 Bb7 28. Ne4 Kg7 29. Bh4 Rd7 30. Nf6 Nxf6 31. Bxf6+ 1-0

[Event "LSS No Engine Cup 169 Preliminary 0"]
[Site "LSS email"]
[Date "2017.05.07"]
[Round "?"]
[White "Szokol, Imre"]
[Black "Shim Ng Min, Francis"]
[Result "0-1"]
[WhiteElo "1638"]
[BlackElo "1443"]
[PlyCount "56"]
[EventDate "2017.05.08"]
[EventType "tourn (corr)"]
[EventRounds "6"]
[EventCountry "GER"]
[SourceTitle "Corr 2022"]
[Source "ChessBase"]
[SourceDate "2021.10.24"]
[SourceVersion "1"]
[SourceVersionDate "2021.10.24"]
[SourceQuality "1"]

1. e4 c5 2. Nf3 d6 3. d4 cxd4 4. Nxd4 Nf6 5. Nc3 a6 6. f3 e5 7. Nb3 Be6 8. Be3 Be7 9. Qd2 0-0 10. 0-0-0 b5 11. a3 Nbd7 12. g4 Nc5 13. Nxc5 dxc5 14. Qf2 Qc7 15. h4 b4 16. axb4 cxb4 17. Nb1 Rfc8 18. Bd3 a5 19. h5 a4 20. g5 Nd7 21. Kd2 Nc5 22. Ke2 a3 23. bxa3 bxa3 24. Nd2 a2 25. g6 fxg6 26. hxg6 h6 27. Qh2 Bf6 28. Bxc5 Qxc5 0-1

[Event "LSS No Engine Cup 161 Preliminary 0"]
[Site "LSS email"]
[Date "2016.10.31"]
[Round "?"]
[White "Pech, Jaroslav Sr"]
[Black "Szokol, Imre"]
[Result "1-0"]
[WhiteElo "1473"]
[BlackElo "1712"]
[PlyCount "37"]
[EventDate "2016.10.31"]
[EventType "tourn (corr)"]
[EventRounds "6"]
[EventCountry "GER"]
[SourceTitle "Corr 2022"]
[Source "ChessBase"]
[SourceDate "2021.10.24"]
[SourceVersion "1"]
[SourceVersionDate "2021.10.24"]
[SourceQuality "1"]

1. d4 Nf6 2. c4 g6 3. Nf3 Bg7 4. Nc3 d5 5. cxd5 Nxd5 6. e4 Nxc3 7. bxc3 c5 8. Rb1 Qa5 9. Rb5 Qxa2 10. Rxc5 Nc6 11. Bc4 Qa1 12. 0-0 0-0 13. Qc2 Bd7 14. Ba2 Nxd4 15. cxd4 Bxd4 16. Ba3 Bxc5 17. Rxa1 Bxa3 18. Qd2 Bc6 19. Qh6 1-0

[Event "LSS No Engine Cup 161 Preliminary 0"]
[Site "LSS email"]
[Date "2016.10.31"]
[Round "?"]
[White "Szokol, Imre"]
[Black "Lenz, Juergen"]
[Result "1-0"]
[WhiteElo "1712"]
[BlackElo "1322"]
[PlyCount "65"]
[EventDate "2016.10.31"]
[EventType "tourn (corr)"]
[EventRounds "6"]
[EventCountry "GER"]
[SourceTitle "Corr 2022"]
[Source "ChessBase"]
[SourceDate "2021.10.24"]
[SourceVersion "1"]
[SourceVersionDate "2021.10.24"]
[SourceQuality "1"]

1. e4 Nf6 2. e5 Nd5 3. d4 d6 4. c4 Nb6 5. exd6 exd6 6. Nf3 Be7 7. Nc3 0-0 8. Be3 Bg4 9. b3 Nc6 10. Be2 f5 11. h3 Bxf3 12. Bxf3 f4 13. Bc1 Bf6 14. Ne2 g5 15. Bb2 Re8 16. 0-0 Bg7 17. Nc3 Nxd4 18. Bxb7 Rb8 19. Bd5+ Kh8 20. Rb1 Qd7 21. Ne4 Nf3+ 22. Qxf3 Nxd5 23. cxd5 Qf5 24. Bxg7+ Kxg7 25. Nd2 Re5 26. Qc3 Kg8 27. Qxc7 Qf8 28. Nc4 Rxd5 29. Qxa7 Re8 30. Rbd1 Rxd1 31. Rxd1 Re6 32. Qd7 Rf6 33. Rxd6 1-0

[Event "LSS No Engine Cup 157 Preliminary 0"]
[Site "LSS email"]
[Date "2016.08.07"]
[Round "?"]
[White "Martin, Hector Eduardo Lope"]
[Black "Szokol, Imre"]
[Result "1-0"]
[WhiteElo "1401"]
[BlackElo "1728"]
[PlyCount "113"]
[EventDate "2016.08.08"]
[EventType "tourn (corr)"]
[EventRounds "6"]
[EventCountry "GER"]
[SourceTitle "Corr 2022"]
[Source "ChessBase"]
[SourceDate "2021.10.24"]
[SourceVersion "1"]
[SourceVersionDate "2021.10.24"]
[SourceQuality "1"]

1. Nf3 Nf6 2. c4 g6 3. g3 Bg7 4. Bg2 0-0 5. 0-0 d6 6. d4 Nc6 7. Nc3 e5 8. d5 Ne7 9. e4 Ne8 10. b4 f5 11. a4 h6 12. b5 g5 13. Ba3 f4 14. a5 fxg3 15. fxg3 Ng6 16. Nd2 Nf6 17. Na4 Ng4 18. Qe2 Nf6 19. c5 a6 20. b6 dxc5 21. Bxc5 Rf7 22. Nc4 Bg4 23. Qe3 Rc8 24. bxc7 Rfxc7 25. Bb6 Qe8 26. Nd6 Qd7 27. Nxc8 Rxc8 28. Nc5 Qe7 29. Ra2 Ne8 30. Qb3 Nd6 31. Bf3 Bh3 32. Bg2 Bg4 33. Rc2 Kh8 34. Nd3 Nb5 35. Rxc8+ Bxc8 36. Bc5 Qc7 37. Qb4 Nd4 38. Qb6 Qxb6 39. Bxb6 Ne2+ 40. Kf2 Nd4 41. Rc1 Bg4 42. Rc7 Be2 43. Ke3 Bd1 44. Bxd4 exd4+ 45. Kd2 Ba4 46. Rxb7 Bf8 47. Rb6 Bb5 48. Rxg6 Kh7 49. Rb6 Bg7 50. d6 Kg8 51. Nc5 Kf8 52. Ne6+ Kf7 53. Nxg7 Kxg7 54. e5 Kf7 55. Bh3 Ke8 56. Rb8+ Kf7 57. e6+ 1-0

[Event "LSS No Engine Cup 157 Preliminary 0"]
[Site "LSS email"]
[Date "2016.08.07"]
[Round "?"]
[White "Szokol, Imre"]
[Black "Kuttner, Jaromir"]
[Result "1-0"]
[WhiteElo "1728"]
[BlackElo "1239"]
[PlyCount "33"]
[EventDate "2016.08.08"]
[EventType "tourn (corr)"]
[EventRounds "6"]
[EventCountry "GER"]
[SourceTitle "Corr 2022"]
[Source "ChessBase"]
[SourceDate "2021.10.24"]
[SourceVersion "1"]
[SourceVersionDate "2021.10.24"]
[SourceQuality "1"]

1. e4 c5 2. Nf3 Nc6 3. d4 cxd4 4. Nxd4 Qc7 5. Nc3 e6 6. Be3 a6 7. Qd2 b5 8. a3 b4 9. axb4 Bxb4 10. Nxc6 Qxc6 11. Bd3 Nf6 12. 0-0 Bb7 13. f3 Rc8 14. Bd4 Bxc3 15. Bxc3 Qc5+ 16. Kh1 e5 17. Ra5 1-0

[Event "LSS No Engine Cup 152 Preliminary 0"]
[Site "LSS email"]
[Date "2016.04.20"]
[Round "?"]
[White "Mostowik, Pawel"]
[Black "Szokol, Imre"]
[Result "1-0"]
[WhiteElo "2087"]
[BlackElo "1730"]
[PlyCount "59"]
[EventDate "2016.04.21"]
[EventType "tourn (corr)"]
[EventRounds "6"]
[EventCountry "GER"]
[SourceTitle "Corr 2022"]
[Source "ChessBase"]
[SourceDate "2021.10.24"]
[SourceVersion "1"]
[SourceVersionDate "2021.10.24"]
[SourceQuality "1"]

1. e4 d6 2. d4 Nf6 3. Nc3 g6 4. Nf3 Bg7 5. Be2 0-0 6. 0-0 Nc6 7. h3 e5 8. dxe5 Nxe5 9. Bg5 h6 10. Be3 a6 11. Nxe5 dxe5 12. Qc1 b6 13. Rd1 Qe7 14. Bxh6 Bb7 15. Bg5 Qb4 16. a3 Qc5 17. Bf3 Rfd8 18. Nd5 Bxd5 19. exd5 Rxd5 20. Bxf6 Bxf6 21. Bxd5 Rd8 22. Bb3 Re8 23. Qh6 Bg7 24. Qxg6 Qe7 25. Rd3 Qf6 26. Qh5 e4 27. Rd7 Rf8 28. Re1 c5 29. Rxe4 b5 30. Rh4 1-0

[Event "LSS No Engine Cup 152 Preliminary 0"]
[Site "LSS email"]
[Date "2016.04.20"]
[Round "?"]
[White "Szokol, Imre"]
[Black "Kuttner, Jaromir"]
[Result "1-0"]
[WhiteElo "1730"]
[BlackElo "1600"]
[PlyCount "65"]
[EventDate "2016.04.21"]
[EventType "tourn (corr)"]
[EventRounds "6"]
[EventCountry "GER"]
[SourceTitle "Corr 2022"]
[Source "ChessBase"]
[SourceDate "2021.10.24"]
[SourceVersion "1"]
[SourceVersionDate "2021.10.24"]
[SourceQuality "1"]

1. e4 c5 2. Nf3 Nc6 3. d4 cxd4 4. Nxd4 Qc7 5. Nc3 a6 6. Be3 Nf6 7. Qd2 e5 8. Nb3 Bb4 9. a3 Bxc3 10. Qxc3 Nxe4 11. Qd3 Nf6 12. 0-0-0 0-0 13. g3 e4 14. Qd2 d5 15. Bg2 Bg4 16. Rde1 Rad8 17. h3 Bf3 18. Bxf3 exf3 19. Bf4 Qb6 20. Qe3 d4 21. Qxf3 Rfe8 22. Qd3 a5 23. Nd2 Qc5 24. Nb3 Qb6 25. Bg5 Ne5 26. Qf5 Rd5 27. Bxf6 gxf6 28. f4 Qe6 29. Qxe6 Nd3+ 30. cxd3 fxe6 31. Nd2 Rc8+ 32. Kb1 Rc6 33. Nc4 1-0

[Event "LSS No Engine Cup 152 Preliminary 0"]
[Site "LSS email"]
[Date "2016.04.20"]
[Round "?"]
[White "Szokol, Imre"]
[Black "Shim Ng Min, Francis"]
[Result "1-0"]
[WhiteElo "1730"]
[BlackElo "1471"]
[PlyCount "51"]
[EventDate "2016.04.21"]
[EventType "tourn (corr)"]
[EventRounds "6"]
[EventCountry "GER"]
[SourceTitle "Corr 2022"]
[Source "ChessBase"]
[SourceDate "2021.10.24"]
[SourceVersion "1"]
[SourceVersionDate "2021.10.24"]
[SourceQuality "1"]

1. e4 c5 2. Nf3 d6 3. d4 cxd4 4. Nxd4 Nf6 5. Nc3 a6 6. f3 e6 7. Be3 Be7 8. Qd2 0-0 9. 0-0-0 Nc6 10. g4 Nxd4 11. Qxd4 b5 12. h4 Qa5 13. Kb1 b4 14. Ne2 Bb7 15. h5 Rfc8 16. g5 Nd7 17. g6 h6 18. gxf7+ Kxf7 19. Rg1 Qe5 20. Qd2 Bf6 21. Bd4 Qxh5 22. Nf4 Qa5 23. Bxf6 Nxf6 24. Qxd6 Rc6 25. Rxg7+ Kxg7 26. Qe7+ 1-0

[Event "LSS No Engine Cup 152 Preliminary 0"]
[Site "LSS email"]
[Date "2016.04.20"]
[Round "?"]
[White "Verich, Oleg"]
[Black "Szokol, Imre"]
[Result "1-0"]
[WhiteElo "1445"]
[BlackElo "1730"]
[PlyCount "129"]
[EventDate "2016.04.21"]
[EventType "tourn (corr)"]
[EventRounds "6"]
[EventCountry "GER"]
[SourceTitle "Corr 2022"]
[Source "ChessBase"]
[SourceDate "2021.10.24"]
[SourceVersion "1"]
[SourceVersionDate "2021.10.24"]
[SourceQuality "1"]

1. d4 Nf6 2. g3 g6 3. Bg2 Bg7 4. e4 d6 5. Ne2 0-0 6. 0-0 Nc6 7. c3 e5 8. d5 Ne7 9. f3 Ne8 10. Be3 f5 11. Nd2 a6 12. Qb3 h6 13. Rac1 Kh7 14. f4 fxe4 15. fxe5 Rxf1+ 16. Rxf1 Nf5 17. c4 Bxe5 18. Nxe4 Nxe3 19. Qxe3 Bf5 20. Nd4 Nf6 21. Ne6 Qe7 22. Nxf6+ Qxf6 23. Kh1 Qe7 24. Nd4 Qf6 25. Nxf5 gxf5 26. b3 f4 27. gxf4 Bd4 28. Qe6 Qg7 29. Be4+ Kh8 30. Qg6 Qxg6 31. Bxg6 Kg7 32. Bf5 Kf6 33. Be6 c6 34. Kg2 Kg6 35. Kf3 c5 36. Kg4 b5 37. h4 h5+ 38. Kf3 bxc4 39. bxc4 Rb8 40. Ke4 Rb2 41. a4 Rb4 42. Bd7 Rxc4 43. Be8+ Kf6 44. Rb1 Be5+ 45. Kd3 Rxf4 46. Rb6 Rxa4 47. Bxa4 Kf5 48. Bd7+ Kf4 49. Rxa6 Kg3 50. Ra4 Bd4 51. Ke4 Kxh4 52. Kf3 Kg5 53. Ra8 Be5 54. Rg8+ Kh6 55. Be8 h4 56. Kg4 Bg3 57. Rg6+ Kh7 58. Kh5 c4 59. Rg4 c3 60. Rc4 Be1 61. Rc7+ Kg8 62. Kg6 h3 63. Bf7+ Kf8 64. Rc8+ Ke7 65. Re8+ 1-0

[Event "LSS No Engine Cup 148 Preliminary 0"]
[Site "LSS email"]
[Date "2016.02.09"]
[Round "?"]
[White "Casas Renteria, Enrique"]
[Black "Szokol, Imre"]
[Result "0-1"]
[WhiteElo "1506"]
[BlackElo "1763"]
[PlyCount "68"]
[EventDate "2016.02.10"]
[EventType "tourn (corr)"]
[EventRounds "6"]
[EventCountry "GER"]
[SourceTitle "Corr 2022"]
[Source "ChessBase"]
[SourceDate "2021.10.24"]
[SourceVersion "1"]
[SourceVersionDate "2021.10.24"]
[SourceQuality "1"]

1. d4 Nf6 2. c4 g6 3. Nc3 d5 4. Bf4 Bg7 5. e3 0-0 6. Nf3 c6 7. Bd3 e6 8. h3 Nbd7 9. 0-0 Nh5 10. Bh2 dxc4 11. Bxc4 b5 12. Be2 Bb7 13. Rc1 a6 14. a3 Nb6 15. Ne4 Nd5 16. Nd6 Qd7 17. Nxb7 Qxb7 18. Ne5 Nhf6 19. Nxc6 Rac8 20. Na5 Qb6 21. Nb3 Ne4 22. Bf3 Nef6 23. Nc5 Rfd8 24. b4 h6 25. Qb3 Qa7 26. Rc2 Nd7 27. Rfc1 Nxc5 28. dxc5 a5 29. Bd6 a4 30. Qd3 Qa6 31. Bxd5 exd5 32. Qxd5 Bf8 33. Qe5 Bxd6 34. Qf6 Bh2+ 0-1

[Event "LSS No Engine Cup 144 Preliminary 0"]
[Site "LSS email"]
[Date "2015.12.08"]
[Round "?"]
[White "Szokol, Imre"]
[Black "Herzog, Klaus"]
[Result "0-1"]
[WhiteElo "1773"]
[BlackElo "2123"]
[PlyCount "90"]
[EventDate "2015.12.09"]
[EventType "tourn (corr)"]
[EventRounds "6"]
[EventCountry "GER"]
[SourceTitle "Corr 2022"]
[Source "ChessBase"]
[SourceDate "2021.10.24"]
[SourceVersion "1"]
[SourceVersionDate "2021.10.24"]
[SourceQuality "1"]

1. e4 e5 2. Nf3 Nc6 3. Bc4 Bc5 4. 0-0 Nf6 5. d3 d6 6. c3 a6 7. Bg5 h6 8. Bh4 g5 9. Bg3 0-0 10. Nbd2 g4 11. Nh4 b5 12. Bb3 Ne7 13. Bc2 Nh5 14. Nb3 Ba7 15. d4 Ng6 16. Nxg6 Nxg3 17. hxg3 fxg6 18. Na5 Kg7 19. Nc6 Qf6 20. Nxa7 Rxa7 21. dxe5 Qxe5 22. a4 bxa4 23. Rxa4 a5 24. Qd3 Bd7 25. Raa1 Rb7 26. b3 Rb5 27. c4 Rc5 28. Qd2 h5 29. Rad1 Be6 30. Rfe1 g5 31. Qd4 Qxd4 32. Rxd4 Kf6 33. Ra1 Ke5 34. Rdd1 h4 35. Rd3 Ra8 36. Rd2 a4 37. Rdd1 a3 38. Bd3 a2 39. Rd2 Rca5 40. b4 Ra3 41. b5 Rb3 42. Kh2 hxg3+ 43. fxg3 Bf7 44. Rf2 Bg6 45. Re2 Rxd3 0-1

[Event "LSS No Engine Cup 140 Preliminary 0"]
[Site "LSS email"]
[Date "2015.10.12"]
[Round "?"]
[White "Glowinski, Daniel"]
[Black "Szokol, Imre"]
[Result "1-0"]
[WhiteElo "1915"]
[BlackElo "1785"]
[PlyCount "61"]
[EventDate "2015.10.13"]
[EventType "tourn (corr)"]
[EventRounds "6"]
[EventCountry "GER"]
[SourceTitle "Corr 2022"]
[Source "ChessBase"]
[SourceDate "2021.10.24"]
[SourceVersion "1"]
[SourceVersionDate "2021.10.24"]
[SourceQuality "1"]

1. e4 d6 2. d4 Nf6 3. Nc3 g6 4. Nf3 Bg7 5. Be2 0-0 6. 0-0 Nc6 7. d5 Nb4 8. Be3 a5 9. h3 c5 10. a3 Na6 11. Rb1 Nc7 12. Qd3 e5 13. Ng5 h6 14. Nf3 b6 15. Qd2 Kh7 16. Rfe1 Nh5 17. a4 f5 18. exf5 gxf5 19. Qd1 f4 20. Bc1 Rg8 21. Bd3+ Kh8 22. Nxe5 Bxe5 23. Qxh5 Qf6 24. Qf3 Rg5 25. Ne4 Qg7 26. Nxg5 hxg5 27. Rxe5 Qxe5 28. Qh5+ Kg8 29. Bd2 Bb7 30. Re1 Qg7 31. Bc3 1-0

[Event "LSS No Engine Cup 140 Preliminary 0"]
[Site "LSS email"]
[Date "2015.10.12"]
[Round "?"]
[White "Mostowik, Pawel"]
[Black "Szokol, Imre"]
[Result "1-0"]
[WhiteElo "2042"]
[BlackElo "1785"]
[PlyCount "71"]
[EventDate "2015.10.13"]
[EventType "tourn (corr)"]
[EventRounds "6"]
[EventCountry "GER"]
[SourceTitle "Corr 2022"]
[Source "ChessBase"]
[SourceDate "2021.10.24"]
[SourceVersion "1"]
[SourceVersionDate "2021.10.24"]
[SourceQuality "1"]

1. e4 d6 2. d4 Nf6 3. Nc3 g6 4. Be2 Bg7 5. Nf3 0-0 6. 0-0 Nc6 7. d5 Nb4 8. h3 a5 9. Re1 e5 10. Be3 Na6 11. Bb5 c5 12. a4 Nc7 13. Bc4 Nfe8 14. Nd2 Qh4 15. Be2 f5 16. Nc4 f4 17. Bd2 g5 18. Rf1 Nf6 19. Nxd6 g4 20. Nxc8 Raxc8 21. hxg4 b6 22. d6 Ne6 23. Bc4 Kf7 24. f3 h5 25. Be1 Qg5 26. d7 Rcd8 27. Qd6 hxg4 28. Bxe6+ Kg6 29. Bf5+ Kh6 30. fxg4 Rf7 31. Qxb6 Rff8 32. Rf3 Bh8 33. Rh3+ Kg7 34. Bh4 Qh6 35. Bxf6+ Rxf6 36. Qxd8 1-0

[Event "LSS No Engine Cup 135 Preliminary 0"]
[Site "LSS email"]
[Date "2015.07.26"]
[Round "?"]
[White "Bieszk, Stanislaw"]
[Black "Szokol, Imre"]
[Result "1-0"]
[WhiteElo "1491"]
[BlackElo "1848"]
[PlyCount "51"]
[EventDate "2015.07.27"]
[EventType "tourn (corr)"]
[EventRounds "6"]
[EventCountry "GER"]
[SourceTitle "Corr 2022"]
[Source "ChessBase"]
[SourceDate "2021.10.24"]
[SourceVersion "1"]
[SourceVersionDate "2021.10.24"]
[SourceQuality "1"]

1. e4 d6 2. d4 Nf6 3. Nc3 g6 4. Be2 Bg7 5. h4 h6 6. Be3 0-0 7. f3 b6 8. Qd2 Kh7 9. g4 Ng8 10. 0-0-0 Nd7 11. f4 c5 12. d5 a6 13. h5 b5 14. hxg6+ fxg6 15. g5 b4 16. gxh6 Nxh6 17. f5 gxf5 18. Bxh6 Nf6 19. Bxg7+ Kxg7 20. Qh6+ Kf7 21. Bh5+ Nxh5 22. Qxh5+ Kf6 23. Nf3 e5 24. Qg5+ Kf7 25. Rh7+ Ke8 26. Qg6+ 1-0

[Event "LSS No Engine Cup 131 Preliminary 0"]
[Site "LSS email"]
[Date "2015.05.18"]
[Round "?"]
[White "Glowinski, Daniel"]
[Black "Szokol, Imre"]
[Result "1-0"]
[WhiteElo "1868"]
[BlackElo "1840"]
[PlyCount "63"]
[EventDate "2015.05.19"]
[EventType "tourn (corr)"]
[EventRounds "6"]
[EventCountry "GER"]
[SourceTitle "Corr 2022"]
[Source "ChessBase"]
[SourceDate "2021.10.24"]
[SourceVersion "1"]
[SourceVersionDate "2021.10.24"]
[SourceQuality "1"]

1. e4 d6 2. d4 Nf6 3. Nc3 g6 4. Nf3 Bg7 5. Be2 0-0 6. 0-0 Nc6 7. Be3 e5 8. d5 Ne7 9. Qd3 Ne8 10. h3 f5 11. Qc4 f4 12. Bd2 h6 13. a4 g5 14. a5 Ng6 15. a6 bxa6 16. Ra3 h5 17. Rb3 g4 18. hxg4 hxg4 19. Nh2 Qh4 20. Qc6 g3 21. fxg3 fxg3 22. Rxf8+ Kxf8 23. Nf3 Qh5 24. Qxa8 Bg4 25. Rb8 Nf4 26. Qxa7 Nxe2+ 27. Nxe2 Bxf3 28. Nxg3 Qg6 29. Qf2 Ke7 30. Nf5+ Kd7 31. Qxf3 Nf6 32. Qc3 1-0

[Event "LSS No Engine Cup 131 Preliminary 0"]
[Site "LSS email"]
[Date "2015.05.18"]
[Round "?"]
[White "Szokol, Imre"]
[Black "Basson, Heinrich"]
[Result "1-0"]
[WhiteElo "1840"]
[BlackElo "1636"]
[PlyCount "27"]
[EventDate "2015.05.19"]
[EventType "tourn (corr)"]
[EventRounds "6"]
[EventCountry "GER"]
[SourceTitle "Corr 2022"]
[Source "ChessBase"]
[SourceDate "2021.10.24"]
[SourceVersion "1"]
[SourceVersionDate "2021.10.24"]
[SourceQuality "1"]

1. e4 d5 2. exd5 Qxd5 3. Nc3 Qd6 4. d4 Bf5 5. Nf3 e6 6. Be3 c6 7. Qd2 Nd7 8. 0-0-0 0-0-0 9. h3 Ngf6 10. Bf4 Qb4 11. a3 Qe7 12. Kb1 Nd5 13. Nxd5 exd5 14. Qa5 1-0

[Event "LSS No Engine Cup 131 Preliminary 0"]
[Site "LSS email"]
[Date "2015.05.18"]
[Round "?"]
[White "Szokol, Imre"]
[Black "Heineccius, August"]
[Result "1-0"]
[WhiteElo "1840"]
[BlackElo "845"]
[PlyCount "51"]
[EventDate "2015.05.19"]
[EventType "tourn (corr)"]
[EventRounds "6"]
[EventCountry "GER"]
[SourceTitle "Corr 2022"]
[Source "ChessBase"]
[SourceDate "2021.10.24"]
[SourceVersion "1"]
[SourceVersionDate "2021.10.24"]
[SourceQuality "1"]

1. e4 Nc6 2. d4 g6 3. Nc3 Bg7 4. Be3 Nf6 5. Qd2 0-0 6. 0-0-0 Nb4 7. a3 Nc6 8. Kb1 e6 9. f3 e5 10. d5 Ne7 11. g4 d6 12. h4 h5 13. gxh5 Nxh5 14. Nge2 a6 15. Bh3 f6 16. Bg4 b5 17. Bxh5 gxh5 18. Rdg1 b4 19. Bh6 Rf7 20. Bxg7 Rxg7 21. axb4 a5 22. Qh6 Rg6 23. Rxg6+ Kf7 24. Rxf6+ Kg8 25. Qg5+ Kh8 26. Rh6# 1-0